| 000 | 01599nam a22002057a 4500 | ||
|---|---|---|---|
| 999 |
_c59852 _d59852 |
||
| 003 | Ge_BSU | ||
| 005 | 20230501110527.0 | ||
| 008 | 230428s2002 ge ||||| |||| 00| 0 geo d | ||
| 041 | _ageo | ||
| 080 | _a94(=353.1)(479.24) 001.98 პ-18 | ||
| 100 |
_aპაპუაშვილი, თენგიზ _917859 |
||
| 245 |
_aწუქეთის სიძველენი : საინგილოს ისტორიის საკითხების დამახინჯებისა და გაყალბების გამო : _b საინგილოს ისტორიის საკითხების დამახინჯებისა და გაყალბების გამო : ჰ. აზიმოვი, შ. აჰმედოვი, "კახის ძეგლები", გამ-ბა "სედა", ქ. ბაქო, 1998 წ. (აზერბ. ენ.) _cთენგიზ პაპუაშვილი. საქ. მეცნ. აკად., ისტორიისა და ეთნოლოგიის ინ-ტი. |
||
| 264 |
_aთილისი : _bმემატიანე, _c2002. |
||
| 300 |
_a33გვ. ; _b20სმ. |
||
| 520 | _a რეზ. რუს. და ინგლ. ენ. | ||
| 653 | _aსაინგილოს ისტორია | ||
| 653 | _aმეცნიერული ცოდნის გაყალბება | ||
| 710 |
_a საქ. მეცნ. აკად., ისტორიისა და ეთნოლოგიის ინ-ტი. _917869 |
||
| 942 |
_2udc _cBK |
||